|
|
|
|
| LEADER |
01266nam a2200325 a 4500 |
| 001 |
000542183 |
| 003 |
CZ BrMZK |
| 005 |
20211213171224.0 |
| 007 |
ta |
| 008 |
010907s2000 xr e f cze d |
| 015 |
|
|
|a cnb000981776
|
| 020 |
|
|
|a 80-7225-043-4
|
| 040 |
|
|
|a BOA001
|b cze
|
| 072 |
|
7 |
|a 622
|x Hornictví
|2 Konspekt
|9 19
|
| 080 |
|
|
|a 622.86
|2 MRF
|
| 080 |
|
|
|a (035)
|2 MRF
|
| 245 |
0 |
0 |
|a Baňské záchranářství I :
|b kompendium pro báňského záchranáře /
|c Petr Faster, Roman Makarius, Václav Pošta a kolektiv autorů.
|
| 260 |
|
|
|a Ostrava :
|b Montanex,
|c 2000
|
| 300 |
|
|
|a 485 s. :
|b il. ;
|c 21 cm
|
| 500 |
|
|
|a Určeno záchranářům, důlním technikům a jako pomocná publikace studentům odbormých střed. a vys. škol.
|
| 504 |
|
|
|a Obsahuje bibliografii
|
| 650 |
0 |
7 |
|a důlní záchranářství
|7 ph156598
|2 czenas
|
| 650 |
0 |
7 |
|a důlní nehody
|7 ph221546
|2 czenas
|
| 655 |
|
7 |
|a příručky
|7 fd133209
|2 czenas
|
| 700 |
1 |
|
|a Makarius, Roman,
|d 1938-2015
|7 jo20000080796
|4 aut
|
| 700 |
1 |
|
|a Pošta, Václav,
|d 1949-
|7 jn20010309756
|4 aut
|
| 700 |
1 |
|
|a Faster, Petr,
|d 1936-2009
|7 jk01030791
|4 aut
|
| 910 |
|
|
|a BOA001
|b 2-1079.744
|
| 990 |
|
|
|a BK
|
| 996 |
6 |
|
|b 2610125829
|c 2-1079.744
|l MZK
|r Sklad / do 1 hodiny
|n 1
|p p.v.
|w 000542183
|u 000010
|a 1
|e BOA001
|j MZK50
|s P
|